000 01334nab a2200241 i 4500
001 768714001
003 CO-MdFUSB
005 20240620110545.0
008 240620t1992 us ||||| |||| 00| 0 eng d
040 _bspa
_cCO-MdFUSB
_dCO-MdFUSB
041 _aeng
100 _aPhelps, Jamie T.,
_d1941-
_eautor
245 _aMission in situations of conflict and violence in the United States of America
_c/ Jamie T. Phelps
520 _aDespués de definir conflicto y violencia, el autor revisa los orígenes históricos de la violencia sistémica racial, étnica y de clase que caracteriza los patrones de relaciones dentro de muchas instituciones sociales y eclesiales de los Estados Unidos. Este artículo sugiere que la transformación de tales patrones socialmente pecaminosos debe convertirse en una meta de la misión evangelizadora y de justicia de la iglesia dentro de los Estados Unidos.
546 _aTexto en inglés.
650 7 _aJusticia social
_xAspectos religiosos
_96928
650 7 _aPaz
_xAspectos religiosos
_xCristianismo
_92054
650 7 _aEtnocentrismo
_9442
650 7 _aTeología dogmática
_96937
773 0 _049486
_982784
_d Pasadena
_oR2659
_tMissiology:
_w(CO-MdFUSB)97
_gVolumen 20, (número1, 1992) páginas: 21 - 31
_qpágina: 21
942 _cANA
945 _aCatherine Arias Álvarez - Practicante SENA
999 _c70309
_d70309